| 000 | 00531nam a22001697a 4500 | ||
|---|---|---|---|
| 005 | 20231213061441.0 | ||
| 008 | 231213b |||||||| |||| 00| 0 eng d | ||
| 020 | _a978063901264 ; 9780639012681 | ||
| 041 | _aEnglish | ||
| 082 | _a343.4 THE | ||
| 100 |
_aTheron, N _lEnglish |
||
| 245 |
_aPractical Guide to Hnadling Tax Disputes / _cN Theron |
||
| 260 |
_aDurban : _bLexisNexis (Pty) Ltd, _c2020 |
||
| 300 |
_bvii, 524 pages ; _c25 cm. |
||
| 650 |
_aLegal practice _bLaw |
||
| 942 |
_cBK _6ALISON_BN_VRIES |
||
| 999 |
_c1187 _d1187 |
||